[Event "Championship Moscow 2019"]
[Site "Moscow"]
[Date "2019.04.05"]
[Round "7.24"]
[White "Zverev, Lev"]
[Black "Yakimenko, Alexander A"]
[Result "1-0"]
[WhiteElo "1703"]
[BlackElo "2185"]
[PlyCount "159"]
[EventDate "2019.03.30"]

1. e4 e5 2. Nf3 d6 3. d4 Nf6 4. dxe5 Nxe4 5. Qd5 Nc5 6. Bg5 Qd7 7. exd6 Bxd6 8.
Nc3 O-O 9. O-O-O a6 10. Be3 Qc6 11. Ne5 Qxd5 12. Nxd5 Ne6 13. Nc4 Nd7 14. Nxd6
cxd6 15. Ne7+ Kh8 16. Rxd6 Nf6 17. Nxc8 Raxc8 18. Be2 Ne4 19. Rdd1 f5 20. Bf3
h6 21. Rhe1 Rc7 22. c3 Rc4 23. Rd5 f4 24. Bb6 N4g5 25. Rd6 Nxf3 26. gxf3 Ng5
27. Rd3 Rc6 28. Bd4 Ne6 29. Be5 Rf5 30. Bd6 Nc5 31. Bxc5 Rfxc5 32. Re4 Rh5 33.
Rxf4 Rxh2 34. Rd7 b5 35. Rg4 g5 36. Re4 Rc8 37. Re6 Ra8 38. Rf6 Kg8 39. Rg6+
Kh8 40. Re6 Kg8 41. Kd1 Rxf2 42. Rg6+ Kh8 43. Rxh6+ Kg8 44. Rg6+ Kh8 45. Rd2
Rxd2+ 46. Kxd2 Rd8+ 47. Kc2 Rf8 48. Rxg5 Rxf3 49. Rg6 Rf2+ 50. Kb3 a5 51. Rg5
b4 52. Rxa5 bxc3 53. bxc3 Kg7 54. Rd5 Kf6 55. c4 Ke6 56. a4 Rf8 57. a5 Rb8+ 58.
Rb5 Ra8 59. Kb4 Kd6 60. c5+ Kc7 61. Rb6 Rh8 62. Kb5 Rh1 63. Rc6+ Kd7 64. Rd6+
Kc7 65. Rd4 Rh8 66. Ra4 Rb8+ 67. Kc4 Rb1 68. a6 Rc1+ 69. Kb3 Kb8 70. a7+ Ka8
71. Kb4 Rb1+ 72. Kc4 Rc1+ 73. Kd5 Rh1 74. Kc6 Rh6+ 75. Kb5 Rh1 76. c6 Rh5+ 77.
Kb6 Rb5+ 78. Kc7 Ra5 79. Rb4 Rb5 80. Rxb5 1-0

[Event "Championship Moscow 2019"]
[Site "Moscow"]
[Date "2019.04.05"]
[Round "7.25"]
[White "Kireev, Igor"]
[Black "Khudyakov, Stanislav"]
[Result "0-1"]
[WhiteElo "1673"]
[BlackElo "2106"]
[PlyCount "92"]
[EventDate "2019.03.30"]

1. e4 e6 2. d4 d5 3. exd5 exd5 4. Bf4 Nf6 5. Nf3 Bg4 6. Nbd2 Nc6 7. c3 Bd6 8.
Bxd6 Qxd6 9. Bd3 O-O-O 10. O-O Kb8 11. Qc2 Qf4 12. Rfe1 Rde8 13. Rxe8+ Rxe8 14.
Re1 Rxe1+ 15. Nxe1 h5 16. h3 Be6 17. Nef3 h4 18. Nf1 Bxh3 19. Qd2 Qg4 20. Qg5
Qxg5 21. Nxg5 Be6 22. Nxe6 fxe6 23. Nd2 e5 24. dxe5 Nxe5 25. Bf5 g5 26. Kh2 c5
27. f4 Neg4+ 28. Bxg4 Nxg4+ 29. Kg1 gxf4 30. Nf3 Kc7 31. Nxh4 Ne5 32. Kf1 Kd6
33. Ke2 Ke6 34. b3 Kf6 35. a3 Kg5 36. Nf3+ Nxf3 37. Kxf3 Kf5 38. b4 cxb4 39.
cxb4 b5 40. Ke2 Ke4 41. Kf2 d4 42. Ke2 d3+ 43. Kf2 Kd4 44. Kf3 d2 45. Ke2 Kc3
46. Kd1 Kd3 0-1

[Event "Championship Moscow 2019"]
[Site "Moscow"]
[Date "2019.04.05"]
[Round "7.26"]
[White "Usov, Aleksandr E"]
[Black "Zaitsev, Vitaly"]
[Result "0-1"]
[WhiteElo "1627"]
[BlackElo "1968"]
[PlyCount "62"]
[EventDate "2019.03.30"]

1. e4 c5 2. c3 g6 3. d4 cxd4 4. cxd4 d5 5. e5 Bg7 6. Nc3 Nc6 7. Nf3 Nh6 8. Bf4
Bg4 9. Bb5 O-O 10. Bxc6 bxc6 11. Be3 Nf5 12. h3 Bxf3 13. Qxf3 Rb8 14. O-O-O Qb6
15. Qe2 Nxe3 16. fxe3 Bh6 17. Rd2 e6 18. Rf1 c5 19. Kb1 cxd4 20. Rxd4 Bxe3 21.
Rh4 Bg5 22. Rg4 Bh6 23. h4 Rfc8 24. Ka1 Bg7 25. h5 Bxe5 26. hxg6 hxg6 27. Qd2
Qxb2+ 28. Qxb2 Bxc3 29. Rb1 Bxb2+ 30. Rxb2 Rc1+ 31. Rb1 Rbxb1# 0-1

[Event "Championship Moscow 2019"]
[Site "Moscow"]
[Date "2019.04.05"]
[Round "7.27"]
[White "Bezhenar, Georgy"]
[Black "Pak, Nikita"]
[Result "0-1"]
[WhiteElo "1953"]
[BlackElo "1916"]
[PlyCount "74"]
[EventDate "2019.03.30"]

1. d4 e6 2. c4 Nf6 3. g3 g6 4. Bg2 d5 5. Nf3 Bg7 6. O-O O-O 7. Nc3 c6 8. Ne5
Nfd7 9. Nxd7 Nxd7 10. Qd3 dxc4 11. Qxc4 Nb6 12. Qb3 Qxd4 13. Be3 Qd8 14. Rfd1
Nd7 15. Ne4 Qa5 16. Nd6 Nb6 17. Rac1 e5 18. Nxc8 Raxc8 19. Bh3 Rcd8 20. Bg5 Rd5
21. Rxd5 Qxd5 22. Qa3 a6 23. Bg2 e4 24. Be7 Re8 25. b3 Qd2 26. Bb4 Qxe2 27. Re1
Qc2 28. Bc5 Bb2 29. Qa5 Nd5 30. b4 Bc3 31. Bxe4 Qd2 32. Rb1 b6 33. Bxb6 Rxe4
34. Qxa6 Nxb6 35. Qxb6 Bd4 36. Qb8+ Kg7 37. Rf1 Re1 0-1

[Event "Championship Moscow 2019"]
[Site "Moscow"]
[Date "2019.04.05"]
[Round "7.28"]
[White "Pesotskiy, Mikhail"]
[Black "Kudryaev, Ivan"]
[Result "1-0"]
[WhiteElo "2300"]
[BlackElo "1667"]
[PlyCount "73"]
[EventDate "2019.03.30"]

1. d4 Nf6 2. c4 e6 3. Nc3 c5 4. d5 exd5 5. cxd5 d6 6. g3 g6 7. Bg2 Bg7 8. Nf3
Nbd7 9. O-O O-O 10. Re1 Re8 11. Bf4 Qb6 12. Qc2 Nh5 13. Bd2 Ne5 14. Nxe5 Rxe5
15. Nd1 Re8 16. Bc3 Nf6 17. e4 Nh5 18. Ne3 Qc7 19. f4 b5 20. a4 Bd7 21. Bxg7
Nxg7 22. axb5 h5 23. b4 Rac8 24. bxc5 Qxc5 25. Qxc5 Rxc5 26. Rxa7 Bxb5 27. Ra5
Rec8 28. e5 Nf5 29. Nxf5 gxf5 30. exd6 Bd7 31. Rxc5 Rxc5 32. h4 Rc8 33. Re7 Rd8
34. Bf3 Kf8 35. Bxh5 Be8 36. Re5 Rxd6 37. Rxf5 1-0

[Event "Championship Moscow 2019"]
[Site "Moscow"]
[Date "2019.04.05"]
[Round "7.29"]
[White "Alekseev, Mikhail"]
[Black "Muraseev, Vasilii"]
[Result "1-0"]
[WhiteElo "1879"]
[BlackElo "1444"]
[PlyCount "45"]
[EventDate "2019.03.30"]

1. e4 e5 2. Nf3 Nc6 3. Bb5 d6 4. d4 exd4 5. Nxd4 Bd7 6. O-O Nf6 7. Nc3 Be7 8.
Nxc6 Bxc6 9. Bxc6+ bxc6 10. Bf4 O-O 11. Re1 Nd7 12. Ne2 Bf6 13. Nd4 c5 14. Nc6
Qc8 15. e5 Qa6 16. Qf3 Be7 17. Nxe7+ Kh8 18. Qc6 Qc4 19. Re4 Qxc2 20. Rae1 Nxe5
21. Bxe5 dxe5 22. R4e2 Qc4 23. Qd5 1-0

[Event "Championship Moscow 2019"]
[Site "Moscow"]
[Date "2019.04.05"]
[Round "7.30"]
[White "Akhmedov, David"]
[Black "Zurabian, Vage"]
[Result "1-0"]
[WhiteElo "1657"]
[BlackElo "1842"]
[PlyCount "63"]
[EventDate "2019.03.30"]

1. e4 d6 2. d4 Nf6 3. Nc3 e5 4. Nge2 Nc6 5. f3 Be7 6. Be3 O-O 7. Qd2 exd4 8.
Nxd4 d5 9. O-O-O Nxd4 10. Bxd4 dxe4 11. fxe4 Bg4 12. Be2 Bxe2 13. Qxe2 Qc8 14.
e5 Ne8 15. Nd5 Bg5+ 16. Be3 Bxe3+ 17. Qxe3 Qe6 18. Qc5 b6 19. Ne7+ Kh8 20. Ng6+
hxg6 21. Qxf8+ Kh7 22. Rd3 Nf6 23. Qxa8 Qxa2 24. exf6 Qa1+ 25. Kd2 Qa5+ 26. c3
Qg5+ 27. Kc2 gxf6 28. Rh3+ Qh6 29. Rxh6+ Kxh6 30. Qh8+ Kg5 31. h4+ Kf5 32. Rf1+
1-0

[Event "Championship Moscow 2019"]
[Site "Moscow"]
[Date "2019.04.05"]
[Round "7.31"]
[White "Bogaudinov, Rushan"]
[Black "Volkov, Andreiy"]
[Result "1-0"]
[WhiteElo "2123"]
[BlackElo "1628"]
[PlyCount "71"]
[EventDate "2019.03.30"]

1. d4 d5 2. Nf3 e6 3. c4 Nf6 4. Bg5 Be7 5. Nc3 O-O 6. e3 h6 7. Bh4 Nbd7 8. Be2
dxc4 9. Bxc4 c5 10. O-O a6 11. a4 Nb6 12. Be2 Nbd7 13. a5 b6 14. Ne5 Bb7 15.
axb6 Nxe5 16. dxe5 Nd7 17. Bxe7 Qxe7 18. Qd6 Qxd6 19. exd6 Nxb6 20. e4 e5 21.
Ra5 Nd7 22. Rfa1 Nf6 23. f3 Rfd8 24. Bxa6 Bxa6 25. Rxa6 Rab8 26. Na4 Nd7 27.
Rc1 Rb5 28. Rc2 Nb8 29. Ra8 Rxd6 30. Rxc5 Rxc5 31. Rxb8+ Kh7 32. Nxc5 Rd1+ 33.
Kf2 Rc1 34. b4 Rc2+ 35. Kg3 f6 36. Nd3 1-0

[Event "Championship Moscow 2019"]
[Site "Moscow"]
[Date "2019.04.05"]
[Round "7.32"]
[White "Razumovskiy, Mikhail"]
[Black "Brygov, Igor"]
[Result "1-0"]
[WhiteElo "2024"]
[BlackElo "2052"]
[PlyCount "97"]
[EventDate "2019.03.30"]

1. e4 e6 2. d4 d5 3. Nc3 Nf6 4. e5 Nfd7 5. f4 c5 6. Nf3 Nc6 7. Be3 cxd4 8. Nxd4
Nxd4 9. Bxd4 Bc5 10. Nb5 O-O 11. c3 a6 12. Nd6 Qb6 13. b4 Bxd4 14. Qxd4 a5 15.
Qxb6 Nxb6 16. b5 f6 17. O-O-O Na4 18. Rd4 Nc5 19. exf6 gxf6 20. Be2 Rd8 21. Nc4
Nd7 22. f5 Ne5 23. Nb6 Rb8 24. c4 exf5 25. Nxd5 Be6 26. Rhd1 Bxd5 27. Rxd5 Rxd5
28. Rxd5 Kf7 29. Rc5 b6 30. Rc7+ Kg6 31. c5 bxc5 32. Rxc5 Nd7 33. Rc7 Nb6 34.
Bf3 h6 35. Kc2 Rd8 36. Ra7 a4 37. Ra6 Rb8 38. Kc3 Rc8+ 39. Kb4 Rc4+ 40. Ka5 Nd7
41. Rc6 Rd4 42. b6 Ne5 43. b7 Nxc6+ 44. Bxc6 Rd8 45. Kb6 Kf7 46. Kc7 Ke7 47.
b8=Q Rxb8 48. Kxb8 Ke6 49. Bf3 1-0

[Event "Championship Moscow 2019"]
[Site "Moscow"]
[Date "2019.04.05"]
[Round "7.33"]
[White "Grigoryev, Vladislav"]
[Black "Gerasimov, Vadim"]
[Result "0-1"]
[WhiteElo "1741"]
[BlackElo "1688"]
[Annotator "icy"]
[PlyCount "82"]
[EventDate "2019.03.30"]

1. c4 c6 2. Nf3 d5 3. b3 Nf6 4. Bb2 Bf5 5. d3 e6 6. g3 Bd6 7. Nbd2 O-O 8. Bg2
Re8 9. Nh4 Bg4 10. h3 Bh5 11. g4 Bg6 12. Qc2 Nbd7 13. O-O-O b5 14. Nxg6 hxg6
15. Kb1 Qb6 16. Rhf1 e5 17. Rc1 Rac8 18. e3 a6 19. g5 Nh5 20. cxd5 c5 21. Qd1
Qd8 22. h4 Nb6 23. Bf3 Bf8 24. Bxh5 gxh5 25. e4 g6 26. f4 Bg7 27. Qf3 Rc7 28.
Qe3 Qd6 29. f5 Nc8 30. Ba3 b4 31. Nc4 Qd7 32. Bb2 Nd6 33. Nxd6 Qxd6 34. Rc2
Rec8 35. Qd2 Qd7 36. f6 Bf8 37. Bxe5 Rb7 38. Rfc1 Re8 39. Bf4 Rb5 40. Be3 Qh3
41. Rd1 Qxh4 {çàïèñü íåÿñíà} 0-1

[Event "Championship Moscow 2019"]
[Site "Moscow"]
[Date "2019.04.05"]
[Round "7.34"]
[White "Usov, Dmitry E"]
[Black "Zhuk, Kirill"]
[Result "0-1"]
[WhiteElo "1032"]
[BlackElo "1894"]
[PlyCount "160"]
[EventDate "2019.03.30"]

1. e4 e5 2. Nf3 Nc6 3. d4 exd4 4. Bc4 Bc5 5. c3 Nf6 6. e5 d5 7. Bb5 Ne4 8. cxd4
Bb4+ 9. Bd2 Nxd2 10. Nbxd2 Bd7 11. Bxc6 Bxc6 12. a3 Be7 13. O-O O-O 14. Qc2 a5
15. Rac1 a4 16. Qc3 Qd7 17. Rc2 Ra6 18. Rfc1 Qf5 19. h3 Qg6 20. Kh2 Rc8 21. Qe3
h6 22. Rc3 Bd8 23. Qd3 Qxd3 24. Rxd3 Bd7 25. Rdc3 c6 26. g3 Be7 27. h4 Rca8 28.
Ne1 Bd8 29. Nd3 Ba5 30. R3c2 Bf5 31. Nc5 R6a7 32. Rc3 Bxc3 33. Rxc3 b6 34. Nd3
Bxd3 35. Rxd3 Rc8 36. Kg2 Kf8 37. Nf3 Ke7 38. g4 Ke6 39. Rc3 Rac7 40. Rd3 c5
41. Kg3 c4 42. Rc3 b5 43. Ne1 b4 44. axb4 Rb7 45. Nc2 g5 46. h5 f5 47. exf6
Kxf6 48. Rf3+ Ke6 49. Re3+ Kd6 50. Rf3 Re8 51. Rf6+ Re6 52. Rf5 Kc6 53. Kf3 Rd6
54. Kg3 Kb5 55. Re5 Rf7 56. Re8 Rdf6 57. Re2 Rf3+ 58. Kg2 R3f4 59. Ne3 Rxd4 60.
Nf5 Rxg4+ 61. Kh3 Rxf5 62. Kxg4 Rf4+ 63. Kg3 Re4 64. Rd2 Re5 65. f3 Kxb4 66.
Kg4 a3 67. bxa3+ Kxa3 68. Rd4 c3 69. Rd3 Kb2 70. Rd4 c2 71. Rb4+ Ka3 72. Rb8
c1=Q 73. Ra8+ Kb4 74. Rb8+ Ka5 75. Ra8+ Kb6 76. Rb8+ Kc7 77. Rh8 Qf4+ 78. Kh3
Qh4+ 79. Kg2 Re2+ 80. Kg1 Qe1# 0-1

[Event "Championship Moscow 2019"]
[Site "?"]
[Date "2019.04.05"]
[Round "7.1"]
[White "Charochkina, Daria"]
[Black "Mirzoeva, Elmira"]
[Result "1-0"]
[WhiteElo "2326"]
[BlackElo "2262"]
[PlyCount "123"]
[EventDate "2019.??.??"]
[WhiteClock "0:03:02"]
[BlackClock "0:03:35"]

1. b3 Nf6 2. Bb2 g6 3. e4 d6 4. Qe2 Bg7 5. d4 O-O 6. Nf3 c5 7. g3 Bg4 8. Bg2
Nfd7 9. h3 Bxf3 10. Bxf3 Nc6 11. c3 cxd4 12. Qd2 Qa5 13. O-O Rac8 14. Rc1 dxc3
15. Bxc3 Bxc3 16. Nxc3 Nce5 17. Bg2 Rc7 18. Qe3 Rfc8 19. Nd5 Rxc1+ 20. Rxc1
Rxc1+ 21. Qxc1 Qc5 22. Qxc5 dxc5 23. Nxe7+ Kf8 24. Nc8 a6 25. f4 Nd3 26. e5 b5
27. Bf1 Nc1 28. a4 Nxb3 29. axb5 axb5 30. Bxb5 Nb8 31. Nd6 Nd4 32. Bc4 Ne6 33.
Ne4 Nd7 34. Bxe6 fxe6 35. Ng5 Ke7 36. Nxh7 Kd8 37. Ng5 Nf8 38. Ne4 Nd7 39. g4
Kc7 40. Kf2 Kc6 41. Nf6 Nf8 42. Ke3 Kb5 43. h4 c4 44. Kd4 Kb4 45. Ne4 Nd7 46.
Nc3 Nb8 47. Na2+ Kb3 48. Nc1+ Kb4 49. h5 Nc6+ 50. Ke4 gxh5 51. gxh5 Ne7 52. h6
Kc5 53. h7 Ng6 54. f5 exf5+ 55. Kxf5 Nh8 56. e6 Kd6 57. Kf6 c3 58. Ne2 c2 59.
Nc1 Kc7 60. Kg7 Kd8 61. Kxh8 Ke7 62. Kg7 1-0

[Event "Championship Moscow 2019"]
[Site "?"]
[Date "2019.04.05"]
[Round "7.2"]
[White "Borisova, Ekaterina"]
[Black "Gvanceladze, Anna"]
[Result "1-0"]
[WhiteElo "2117"]
[BlackElo "2302"]
[PlyCount "123"]
[EventDate "2019.??.??"]
[WhiteClock "0:01:15"]
[BlackClock "0:02:35"]

1. d4 d5 2. Nf3 Nf6 3. c4 c6 4. g3 g6 5. b3 Bg7 6. Bg2 O-O 7. O-O a5 8. Bb2 Bf5
9. Nc3 Ne4 10. e3 Nxc3 11. Bxc3 Be4 12. Qe2 e6 13. Bh3 Bxf3 14. Qxf3 f5 15. Qe2
Nd7 16. Bg2 Nf6 17. a4 Rf7 18. Rfb1 Ne4 19. Bb2 h5 20. f3 Nd6 21. c5 Ne8 22. f4
h4 23. Bc3 hxg3 24. hxg3 g5 25. Kf1 Nf6 26. Ke1 Nd7 27. Qd2 gxf4 28. gxf4 Rf6
29. Kd1 Rg6 30. Kc2 b6 31. cxb6 Qxb6 32. Bf3 Nf6 33. Rg1 Rxg1 34. Rxg1 Kf7 35.
Qg2 Rg8 36. Qg6+ Ke7 37. Bb2 Qb4 38. Ra1 Qb7 39. Ba3+ Kd8 40. Rg1 Qd7 41. Bh5
Rh8 42. Qxg7 Qxg7 43. Rxg7 Nxh5 44. Ra7 Rh6 45. Be7+ Kc8 46. Bg5 Rg6 47. Rxa5
Kb7 48. b4 Ng3 49. b5 Ne4 50. Ra6 cxb5 51. axb5 Kc7 52. Kb3 Nd6 53. Kb4 Nb7 54.
Rc6+ Kd7 55. Rc1 Nd6 56. Rh1 Rg7 57. Ka5 Nc4+ 58. Ka6 Nxe3 59. b6 Kc6 60. Rh6
Rg8 61. Rxe6+ Kd7 62. Rxe3 1-0

[Event "Championship Moscow 2019"]
[Site "?"]
[Date "2019.04.05"]
[Round "7.3"]
[White "Smirnova, Ekaterina"]
[Black "Utiatskaja, Irina"]
[Result "0-1"]
[WhiteElo "2153"]
[BlackElo "2165"]
[PlyCount "66"]
[EventDate "2019.??.??"]
[WhiteClock "0:39:42"]
[BlackClock "0:16:43"]

1. d4 Nf6 2. c4 g6 3. Nc3 Bg7 4. e4 d6 5. f3 O-O 6. Be3 c5 7. Nge2 Nc6 8. d5
Ne5 9. Ng3 h5 10. Be2 h4 11. Nf1 e6 12. Nd2 exd5 13. cxd5 a6 14. a4 h3 15. g4
Bxg4 16. fxg4 Nfxg4 17. Nf1 Qh4+ 18. Kd2 f5 19. Bxg4 Nxg4 20. Rg1 Ne5 21. exf5
b5 22. axb5 axb5 23. Rxa8 Rxa8 24. Rxg6 Nxg6 25. fxg6 b4 26. Nb5 Qf6 27. Ke2
Qxg6 28. Qd3 Qg4+ 29. Kd2 Bxb2 30. Nxd6 Qg2+ 31. Qe2 Bc3+ 32. Kd3 Qxd5+ 33. Kc2
Ra2+ 0-1

[Event "Championship Moscow 2019"]
[Site "?"]
[Date "2019.04.05"]
[Round "7.4"]
[White "Fominykh, Maria"]
[Black "Miroshnik, Ekaterina"]
[Result "1-0"]
[WhiteElo "2259"]
[BlackElo "1980"]
[PlyCount "66"]
[EventDate "2019.??.??"]
[WhiteClock "0:02:46"]
[BlackClock "0:07:54"]

1. d4 d5 2. c4 e6 3. Nc3 Nf6 4. cxd5 exd5 5. Bg5 Be7 6. e3 c6 7. Bd3 Nbd7 8. h3
b6 9. Qc2 Bb7 10. Nge2 c5 11. Ng3 g6 12. Bh6 Rc8 13. Bg7 Rg8 14. Bh6 c4 15. Be2
Nf8 16. f4 Ne6 17. Bf3 a6 18. f5 Ng7 19. O-O Bd6 20. Nce2 Qc7 21. Nf4 Qd7 22.
Bg5 Bxf4 23. exf4 Ne4 24. Bxe4 dxe4 25. fxg6 hxg6 26. Nxe4 Qxd4+ 27. Nf2 Ne6
28. Rfe1 Qc5 29. Rad1 b5 30. Qd2 Kf8 31. Bh6+ Rg7 32. Rxe6 fxe6 33. Qd7 Ra8 1-0

[Event "Championship Moscow 2019"]
[Site "Moscow"]
[Date "2019.04.05"]
[Round "7.5"]
[White "Danilova, Rada"]
[Black "Kirchei, Viktoriia"]
[Result "0-1"]
[WhiteElo "1930"]
[BlackElo "2122"]
[PlyCount "96"]
[EventDate "2019.03.30"]

1. d4 Nf6 2. c4 e6 3. Nf3 Bb4+ 4. Bd2 a5 5. g3 b6 6. Bg2 Bb7 7. O-O O-O 8. Bf4
Re8 9. c5 a4 10. a3 Ba5 11. Qxa4 Bd2 12. Qc2 Bxf4 13. gxf4 bxc5 14. dxc5 Be4
15. Qd2 Nh5 16. Nc3 Bc6 17. b4 Qf6 18. e3 Qg6 19. Kh1 Qg4 20. h3 Qf5 21. Kh2 e5
22. Nxe5 Bxg2 23. Kxg2 Rxe5 24. fxe5 Ra6 25. Ne2 Rg6+ 26. Ng3 Qg5 27. Qe1 Nc6
28. b5 Nxe5 29. Rd1 Qf5 30. Rd4 Qf3+ 31. Kh2 Qa8 32. Qd1 Nf3+ 33. Kh1 Nxd4+ 34.
c6 Nxg3+ 35. fxg3 Nxb5 36. Qb3 Qxc6+ 37. Kh2 Rf6 38. Rxf6 gxf6 39. a4 Nc3 40.
a5 Ne4 41. Qd3 d5 42. Qe2 Nd6 43. a6 Qc4 44. Qb2 Qxa6 45. Qxf6 Qe2+ 46. Kh1 Ne4
47. Qd8+ Kg7 48. Qxc7 Qf1+ 0-1

[Event "Championship Moscow 2019"]
[Site "Moscow"]
[Date "2019.04.05"]
[Round "7.6"]
[White "Afanasieva, Alexandra"]
[Black "Dumcheva, Julia"]
[Result "0-1"]
[WhiteElo "2093"]
[BlackElo "2168"]
[PlyCount "77"]
[EventDate "2019.03.30"]

1. e4 c5 2. Nf3 d6 3. d4 cxd4 4. Nxd4 Nf6 5. Nc3 Nc6 6. Bg5 e6 7. Qd2 Be7 8.
O-O-O a6 9. f3 Bd7 10. Kb1 b5 11. h4 b4 12. Nce2 Ne5 13. Nc1 Qb6 14. Be3 Qb7
15. g4 Ba4 16. b3 Nxf3 17. Nxf3 Nxe4 18. Qe1 Nc3+ 19. Ka1 Qxf3 20. Rd2 Bf6 21.
Bd4 Bxd4 22. Rxd4 Bc6 23. Rh3 Qf6 24. Rhd3 Bb5 25. g5 Qe5 26. Qf2 Bxd3 27. Nxd3
Nd1 28. Nxe5 Nxf2 29. Rxd6 O-O 30. Nc6 a5 31. Bg2 Kh8 32. Bf3 Nh3 33. Rd4 f6
34. gxf6 Rxf6 35. Ne5 Raf8 36. Bg4 Rf1+ 37. Kb2 Nf2 38. Be2 Re1 39. Rd2 0-1

[Event "Championship Moscow 2019"]
[Site "Moscow"]
[Date "2019.04.05"]
[Round "7.7"]
[White "Korchagina, Alena"]
[Black "Kasaeva, Sofiia"]
[Result "1-0"]
[WhiteElo "2167"]
[BlackElo "1960"]
[PlyCount "93"]
[EventDate "2019.03.30"]

1. Nf3 d5 2. d4 Nf6 3. c4 e6 4. Nc3 c6 5. cxd5 exd5 6. Bg5 Be7 7. Qc2 g6 8. e4
dxe4 9. Bxf6 Bxf6 10. Qxe4+ Qe7 11. Bc4 Bf5 12. Qxe7+ Kxe7 13. O-O-O Nd7 14.
Rhe1+ Kf8 15. Ne4 Bxe4 16. Rxe4 Nb6 17. Bb3 Kg7 18. Ne5 Nd5 19. Kb1 a5 20. Bxd5
cxd5 21. Re3 Rhe8 22. f4 a4 23. Rc3 Be7 24. Rc7 b5 25. Rdc1 f6 26. Ng4 Kf8 27.
R1c6 f5 28. Ne5 Red8 29. Rb7 Rac8 30. Rxb5 Rxc6 31. Nxc6 Rd7 32. Ne5 Rd8 33.
Rb7 Rc8 34. Rd7 a3 35. Rxd5 Bb4 36. Nd7+ Kf7 37. bxa3 Bxa3 38. Nc5 Rb8+ 39. Nb3
Re8 40. Re5 Rc8 41. Ra5 Bb4 42. Ra7+ Kf6 43. d5 Re8 44. Nd4 Re4 45. Ne6 Re2 46.
Ng5 Be7 47. d6 1-0

[Event "Championship Moscow 2019"]
[Site "Moscow"]
[Date "2019.04.05"]
[Round "7.8"]
[White "Zaitseva, Lyudmila"]
[Black "Nur-Mukhametova, Alisa"]
[Result "1/2-1/2"]
[WhiteElo "1926"]
[BlackElo "2164"]
[PlyCount "118"]
[EventDate "2019.03.30"]

1. c4 e5 2. Nc3 d6 3. g3 g6 4. Bg2 Bg7 5. d3 f5 6. Nf3 Nf6 7. O-O O-O 8. Rb1 a5
9. a3 c6 10. b4 axb4 11. axb4 h6 12. b5 g5 13. Qb3 Be6 14. bxc6 bxc6 15. Qb7
Ra5 16. Be3 Qd7 17. Qb4 Ra8 18. Ra1 Rxa1 19. Rxa1 c5 20. Qb6 e4 21. Ne1 Ng4 22.
Bd2 Nc6 23. dxe4 fxe4 24. Bxe4 Nxf2 25. Bg2 Nh3+ 26. Kh1 Nd4 27. Ra7 Qd8 28.
Qxd8 Rxd8 29. Nd3 Rf8 30. Re7 Nf2+ 31. Nxf2 Rxf2 32. Kg1 Rf7 33. Re8+ Rf8 34.
Rxf8+ Kxf8 35. Bd5 Bxd5 36. cxd5 Nb3 37. Be1 Ke7 38. Ne4 Nd4 39. Kf2 Nc2 40.
Bc3 Bxc3 41. Nxc3 Kf6 42. Kf3 Ke5 43. e4 h5 44. h3 c4 45. Ke2 Kd4 46. Kd2 Na3
47. h4 g4 48. Ne2+ Kxe4 49. Nf4 Nb5 50. Nxh5 Kxd5 51. Nf6+ Kd4 52. h5 c3+ 53.
Kc2 Na3+ 54. Kc1 Ke5 55. Nxg4+ Kf5 56. Ne3+ Kg5 57. Ng4 Nb5 58. Kc2 Nd4+ 59.
Kxc3 Ne2+ 1/2-1/2

[Event "Championship Moscow 2019"]
[Site "Moscow"]
[Date "2019.04.05"]
[Round "7.10"]
[White "Kanevskaya, Anna"]
[Black "Zaytseva, Dariya"]
[Result "1-0"]
[WhiteElo "2136"]
[BlackElo "1350"]
[PlyCount "60"]
[EventDate "2019.03.30"]

1. d4 Nf6 2. Nf3 e6 3. c4 b6 4. g3 Bb7 5. Bg2 Be7 6. O-O O-O 7. Nc3 d5 8. Ne5
Nbd7 9. Bf4 c6 10. Qa4 Nxe5 11. dxe5 Nd7 12. Rfd1 Qc7 13. cxd5 cxd5 14. Rac1
Nc5 15. Qd4 Qd8 16. b4 Na6 17. a3 Rc8 18. Nb5 Ra8 19. Qd3 Qd7 20. e4 Rfd8 21.
Qe2 Qe8 22. exd5 exd5 23. h4 h6 24. Bf3 Bc6 25. Nd4 Bb7 26. Bh5 g6 27. Bxh6
gxh5 28. Qxh5 Bc8 29. Rxc8 Raxc8 30. Qg4+ Kh7 1-0

[Event "Championship Moscow 2019"]
[Site "Moscow"]
[Date "2019.04.05"]
[Round "7.11"]
[White "Diakonova, Ekaterina"]
[Black "Kruglikova, Viktorija"]
[Result "1-0"]
[WhiteElo "2239"]
[BlackElo "1786"]
[PlyCount "81"]
[EventDate "2019.03.30"]

1. e4 c5 2. Nc3 Nc6 3. g3 d6 4. Bg2 g6 5. d3 Bg7 6. Nge2 Nf6 7. O-O O-O 8. f4
Rb8 9. h3 Nd4 10. g4 e5 11. f5 Ne8 12. Nd5 f6 13. Ng3 Nc7 14. c3 Nc6 15. h4
Nxd5 16. exd5 Ne7 17. Be4 b5 18. c4 a5 19. b3 bxc4 20. dxc4 Qd7 21. Qd3 Qe8 22.
Bd2 gxf5 23. Nxf5 Nxf5 24. Bxf5 Bxf5 25. Rxf5 Ra8 26. a4 Qg6 27. Qf3 Rfb8 28.
h5 Qe8 29. h6 Bh8 30. Kh2 Qd7 31. Rg1 Kf8 32. Bg5 Qe7 33. Bxf6 Bxf6 34. g5 e4
35. gxf6 Qf7 36. Qc3 Re8 37. Rg7 e3 38. Rxf7+ Kxf7 39. Rg5 Re5 40. Rxe5 dxe5
41. Qxe3 1-0

[Event "Championship Moscow 2019"]
[Site "Moscow"]
[Date "2019.04.05"]
[Round "7.13"]
[White "Ilyina, Lada"]
[Black "Strukova, Ksenia"]
[Result "1-0"]
[WhiteElo "1877"]
[BlackElo "1919"]
[PlyCount "73"]
[EventDate "2019.03.30"]

1. d4 Nf6 2. c4 g6 3. f3 Bg7 4. e4 d6 5. Nc3 O-O 6. Be3 a6 7. Qd2 Nc6 8. O-O-O
Rb8 9. g4 h5 10. g5 Ne8 11. f4 Na7 12. Bd3 b5 13. Nf3 bxc4 14. Bxc4 Nb5 15. Nh4
e6 16. f5 Bxd4 17. Bxb5 Bxe3 18. Qxe3 axb5 19. fxg6 b4 20. Ne2 Rb5 21. Rhg1
fxg6 22. Nxg6 Rf7 23. Ngf4 Re5 24. Nxh5 Ng7 25. Nf6+ Kf8 26. Nh7+ Kg8 27. g6
Rff5 28. Nd4 Bb7 29. Nxf5 Nxf5 30. Qg5 Qxg5+ 31. Rxg5 Bxe4 32. Nf6+ Kg7 33.
Ne8+ Kg8 34. g7 Rc5+ 35. Kd2 Rc2+ 36. Ke1 Nxg7 37. Nxg7 1-0

[Event "Championship Moscow 2019"]
[Site "Moscow"]
[Date "2019.04.05"]
[Round "7.14"]
[White "Khachatryan, Marieta"]
[Black "Zakharova, Evgenia"]
[Result "0-1"]
[WhiteElo "1856"]
[BlackElo "1892"]
[PlyCount "78"]
[EventDate "2019.03.30"]

1. e4 d6 2. d4 Nf6 3. Nc3 Nbd7 4. f4 e5 5. Nf3 exd4 6. Qxd4 c6 7. Bd2 d5 8.
O-O-O Bc5 9. Qa4 b5 10. Bxb5 cxb5 11. Nxb5 O-O 12. Ba5 Nb6 13. Qb3 Bb7 14. exd5
Ne4 15. Rhe1 Nd6 16. Kb1 Qd7 17. Nxd6 Qxd6 18. Bxb6 axb6 19. g3 Rfd8 20. c4 Bc8
21. Ne5 Bf5+ 22. Ka1 Bd7 23. Nxd7 Qxd7 24. Re2 Re8 25. Qd3 Rxe2 26. Qxe2 Qa4
27. Kb1 Qxa2+ 28. Kc1 Qb3 29. Kb1 Qa2+ 30. Kc1 Ra4 31. Rd4 h6 32. Re4 f5 33.
Re8+ Kh7 34. Ra8 Rxa8 35. Qd3 Qa1+ 36. Kc2 Qa4+ 37. Kc1 Qd7 38. g4 Ra1+ 39. Kc2
Qa4+ 0-1

[Event "Championship Moscow 2019"]
[Site "Moscow"]
[Date "2019.04.05"]
[Round "7.15"]
[White "Krupnova, Anna"]
[Black "Dorofeeva, Nyurguiaana"]
[Result "1/2-1/2"]
[WhiteElo "1729"]
[BlackElo "1879"]
[PlyCount "96"]
[EventDate "2019.03.30"]

1. d4 d5 2. c4 e6 3. Nc3 c6 4. cxd5 exd5 5. Qc2 Nf6 6. Bg5 Be7 7. e3 h6 8. Bh4
Nbd7 9. Bd3 Qa5 10. Nge2 b5 11. O-O Ba6 12. a3 O-O 13. f3 Rfe8 14. Bg3 Rac8 15.
b4 Qd8 16. e4 Nb6 17. e5 Nfd7 18. Bf5 Bh4 19. Bf4 Nc4 20. Qd3 Ra8 21. g3 Bg5
22. h4 Bxf4 23. Nxf4 Nf8 24. Kg2 Bc8 25. Bxc8 Qxc8 26. a4 a6 27. Ra2 Qb7 28.
Rfa1 Reb8 29. axb5 axb5 30. Qe2 Nb6 31. Nd3 Ne6 32. Qf2 Rxa2 33. Rxa2 Ra8 34.
f4 Rxa2 35. Nxa2 Qa7 36. Nac1 Qa1 37. f5 Nxd4 38. e6 Nc8 39. Qf4 fxe6 40. Qb8
Qa6 41. Nc5 Qa3 42. Qxc8+ Kh7 43. N5d3 exf5 44. Qe8 Qc3 45. h5 Qc2+ 46. Kh3 Qd1
47. Qg6+ Kh8 48. Qe8+ Kh7 1/2-1/2